000 00480nam a2200181Ia 4500
001 10327
005 20260306161824.0
008 260306t1996||||xx |||||||||||||| ||spa||
041 _aESP
082 _a920.009
_bL94
100 _aLozada Daza, Raúl Filiberto
_eAUT
245 0 _aSíntesis historiográfica de las figuras más sobresalientes de Arequipa
260 _c1996
300 _a61 páginas :
_c21 cm.
650 _aGEN
654 _aCHU
942 _cLIB
_dJUS
_fJUS
_2ddc
_n
999 _c10327
_d10327